000 00686nam a2200229Ia 4500
003 GCL
008 140319s9999 xx 000 0 ara d
040 _aGCL /
_cGCL
082 0 4 _a953.107
_bب م
100 1 _aبدرالدين ادهم
245 1 0 _aالمملكة: اسرار من الداخل /
_cبدرالدين ادهم
260 _a[S.N] :
_bمركز الراية للنشر والاعلام ،
_c1994
300 _a196 ص
490 _a
650 0 4 _aالعصر الحديث
650 0 4 _aمصر
650 0 4 _aتاريخ
650 0 4 _aالاحوال السياسية
650 0 4 _aالسعودية
650 0 4 _aفيصل بن عبدالعزيز
942 _2ddc
_cBK
999 _c55932
_d55932